Системы очувствления и адаптивные промышленные роботы

Бібліографічні деталі
Інші автори: Попов Е. П. (редактор), Клюев В. В.
Мова:Російська
Опубліковано: Москва, Машиностроение, 1985
Серія:Автоматические манипуляторы и робототехнические системы
Предмети:
Формат: Книга
KOHA link:https://koha.lib.tpu.ru/cgi-bin/koha/opac-detail.pl?biblionumber=59181

MARC

LEADER 00000nam0a2200000 4500
001 59181
005 20231031060032.0
035 |a (RuTPU)RU\TPU\book\62552 
090 |a 59181 
100 |a 20031222d1985 k y0rusy50 ca 
101 0 |a rus 
102 |a RU 
105 |a a z 001zy 
200 1 |a Системы очувствления и адаптивные промышленные роботы  |f Под ред. Е. П. Попова, В. В. Клюева 
210 |a Москва  |c Машиностроение  |d 1985 
215 |a 258 с.  |c ил. 
225 1 |a Автоматические манипуляторы и робототехнические системы 
320 |a Библиогр.: с. 249-251 
320 |a Предм. указ.: с. 251-255 
610 1 |a роботы 
610 1 |a промышленные роботы 
610 1 |a очувствление 
610 1 |a датчики 
610 1 |a техническое зрение 
610 1 |a программное обеспечение 
610 1 |a дуговая сварка 
675 |a 621.865.8  |v 3 
702 1 |a Попов  |b Е. П.  |4 340 
702 1 |a Клюев  |b В. В.  |4 340 
801 1 |a RU  |b 63413507  |c 20031222  |g PSBO 
801 2 |a RU  |b 63413507  |c 20210301  |g PSBO 
942 |c BK